Intelligent Warehouse Space Utilization Solution [Project BIT5] (Record no. 9130)

000 -LEADER
fixed length control field 00587 a2200157 4500
003 - CONTROL NUMBER IDENTIFIER
control field NUST
038 ## - RECORD CONTENT LICENSOR
Staff Name M Shaban
082 ## - DEWEY DECIMAL CLASSIFICATION NUMBER
Classification number BIT-5
100 ## - MAIN ENTRY--PERSONAL NAME
Personal name Fariha Anwar Qureshi
9 (RLIN) 92127
245 ## - TITLE STATEMENT
Title Intelligent Warehouse Space Utilization Solution [Project BIT5]
Statement of responsibility, etc. Fariha Anwar Qureshi
260 ## - PUBLICATION, DISTRIBUTION, ETC.
Place of publication, distribution, etc. Islamabad,
Name of publisher, distributor, etc. NUST School of Electrical Engineering & Computer Science,
Date of publication, distribution, etc. 2007.
300 ## - PHYSICAL DESCRIPTION
Extent xi, 93 p. :
Other physical details ill. ;
Dimensions 27 cm. +
Accompanying material CD-ROM
500 ## - GENERAL NOTE
General note Supervisors : Mr. Nauman Qureshi, Dr. Sharifullah Khan.
856 ## - ELECTRONIC LOCATION AND ACCESS
Uniform Resource Identifier <a href=" http://10.250.8.41:8080/xmlui/handle/123456789/10602"> http://10.250.8.41:8080/xmlui/handle/123456789/10602</a>
942 ## - ADDED ENTRY ELEMENTS (KOHA)
Koha item type Project Report
Call number prefix BIT-5 FAR
Source of classification or shelving scheme
Holdings
Withdrawn status Lost status Damaged status Not for loan Permanent Location Current Location Total Checkouts Full call number Barcode Date last seen Price effective from Koha item type Source of classification or shelving scheme Shelving location Date acquired
        Central Library (CL) Central Library (CL)   BIT-5 FAR SEECSP00012 11/14/2012 11/14/2012 Project Report      
WITHDRAWN       Central Library (CL) Central Library (CL)   004 CL-BP-483 10/06/2020 10/06/2020 Project Report   Thesis 10/06/2020
© 2023 Central Library, National University of Sciences and Technology. All Rights Reserved.